000 00281nam a22001217a 4500
008 230704b xxu||||| |||| 00| 0 eng d
020 _a9966943250
082 _a362.2
_bWIE
245 _aThe Bondage
260 _bAfrica Herald Publishing House
300 _a104p
942 _2ddc
_cBK
999 _c3957
_d3957